000
00328nam a2200133Ia 4500
008
191201s2005 xx 000 0 und d
082
_a
530
_b
SIE
100
_a
SINGHAL, Anil
245
0
_a
Engineering Physics for 1st Semester
260
_a
N.Delhi
_b
Icon Publication
_c
2005
300
_a
-
650
_a
Applied
942
_2
ddc
_c
BK
999
_c
2215
_d
2215